Statistics for Flags of Countries in the World Cup 2022

Click here to take the quiz!

General Stats

  • This quiz has been taken 1,076 times
    (1,003 since last reset)
  • The average score is 30 of 32

Answer Stats

Answer% Correct
Australia
99%
Qatar
99%
Argentina
97%
Portugal
97%
Wales
97%
Belgium
96%
Canada
96%
South Korea
96%
Spain
96%
Brazil
95%
Denmark
95%
England
95%
France
95%
Germany
95%
Japan
95%
Mexico
95%
Poland
95%
Serbia
95%
Switzerland
95%
Croatia
94%
Morocco
94%
Netherlands
94%
Saudi Arabia
94%
Tunisia
94%
United States
94%
Uruguay
94%
Iran
93%
Ecuador
90%
Costa Rica
89%
Senegal
89%
Ghana
88%
Cameroon
84%

Score Distribution

Percentile by Number Answered

Percent of People with Each Score

Your Score History

You have not taken this quiz since the last reset